| 000 | 01174pam a2200325 a 4500 | ||
|---|---|---|---|
| 001 | 1945 | ||
| 003 | FISKH | ||
| 005 | 20241121145244.0 | ||
| 008 | 941018s1995 nyub j 000 1 eng | ||
| 010 | _a 94042299 | ||
| 020 | _a9780590488235 | ||
| 040 |
_aDLC _cDLC _dDLC _beng |
||
| 042 | _alcac | ||
| 050 | 0 | 0 |
_aPZ7.G8619 _bSt 1995 |
| 082 | 0 | 0 |
_a813 _220 |
| 100 | 1 | _aGregory, Kristiana. | |
| 245 | 1 | 4 |
_aThe stowaway : _ba tale of California pirates / _cKristiana Gregory. |
| 260 |
_aNew York : _bScholastic, _c1995. |
||
| 300 |
_a126 pages : _bmaps ; _c20 cm |
||
| 505 | _aU | ||
| 520 | _aIn 1818 Carlito, an eleven-year-old boy in the Spanish-owned town of Monterey, California, sees his quiet life threatened when the Argentinian privateer Hippolyte de Bouchard attacks with his pirate ships. | ||
| 521 | 8 |
_a820
_bLexile |
|
| 521 | 8 |
_aU
_bRaz-Plus |
|
| 600 | 1 | 1 |
_aBouchard, Hipólito _xFiction. |
| 650 | 1 |
_aPirates _xFiction. |
|
| 651 | 1 |
_aMonterey (Calif.) _xFiction. |
|
| 906 |
_a7 _bcbc _corignew _d1 _eocip _f19 _gy-gencatlg |
||
| 942 |
_2ddc _cBK _n0 |
||
| 999 |
_c1945 _d1945 |
||